Statistics for NCAA Basketball Tournament Most Outstanding Player

Click here to take the quiz!

General Stats

  • This quiz has been taken 71 times
    (12 since last reset)
  • The average score is 17 of 40

Answer Stats

Hint Answer College % Correct
2011Kemba WalkerConnecticut
83%
2003Carmelo AnthonySyracuse
83%
1984Patrick EwingGeorgetown
75%
2012Anthony DavisKentucky
75%
1988Danny ManningKansas
75%
1991Christian LaettnerDuke
75%
1982James WorthyNorth Carolina
67%
2015Tyus JonesDuke
67%
1983Hakeem OlajuwonHouston
67%
2006Joakim NoahFlorida
67%
1992Bobby HurleyDuke
58%
2001Shane BattierDuke
50%
1993Donald WilliamsNorth Carolina
50%
2004Emeka OkaforConnecticut
50%
2019Kyle GuyVirginia
42%
1990Anderson HuntUNLV
42%
1994Corliss WilliamsonArkansas
42%
1981Isiah ThomasIndiana
42%
1986Pervis EllisonLouisville
42%
1999Richard HamiltonConnecticut
42%
2017Joel Berry IINorth Carolina
42%
2014Shabazz NapierConnecticut
42%
2007Corey BrewerFlorida
42%
2008Mario ChalmersKansas
42%
1989Glen RiceMichigan
33%
2002Juan DixonMaryland
33%
2005Sean MayNorth Carolina
33%
1987Keith SmartIndiana
25%
2016Ryan ArcidiaconoVillanova
25%
2010Kyle SinglerDuke
25%
2018Donte DiVincenzoVillanova
25%
2009Wayne EllingtonNorth Carolina
25%
2000Mateen CleavesMichigan State
25%
1995Ed O'BannonUCLA
25%
1985Ed PinckneyVillanova
17%
2013Luke HancockLouisville
17%
1997Miles SimonArizona
17%
1980Darrell GriffithLouisville
17%
1996Tony DelkKentucky
8%
1998Jeff SheppardKentucky
0%

Score Distribution

Percentile by Number Answered

Percent of People with Each Score

Your Score History

You have not taken this quiz since the last reset